000 01397nam a22005170a 4500
001 PT43577
003 AR-LpoUNG
005 20210131231000.0
008 191001s2010||||ag |||||||||||||||||spa d
020 _a9789872377229
_c$522
040 _aAR-LpoUNG
_bspa
_cAR-LpoUNG
_eaacr
041 _aspa
044 _aag
082 0 _a982.064 441his
100 1 _aDe Santis, Daniel
245 1 3 _aLa historia del PRT-ERP :
_bpor sus protagonistas
250 _a1ª ed.
260 _aBuenos Aires :
_bGuevarista,
_c2010.
505 0 _aAcompaña al impreso. Incluye archivo documental del partido
650 4 _aANALISIS HISTORICO
650 4 _aARGENTINA
650 4 _aBURGUESIA
650 4 _aCONCIENCIA DE CLASE
650 4 _aCULTURA
650 4 _aGUERRILLEROS
650 4 _aHISTORIA
650 4 _aHISTORIA POLITICA
650 4 _aHISTORIA POLITICA
650 4 _aIDEOLOGIAS POLITICAS
650 4 _aLUCHA DE CLASES
650 4 _aMILITARIZACION
650 4 _aMOVIMIENTO OBRERO
650 4 _aPARTICIPACION OBRERA EN ACCIONES
650 4 _aPOLITICA
650 4 _aREVOLUCION
650 4 _aSOCIALISMO
650 4 _aSOCIALISMO
650 4 _aSOCIALISTAS
650 4 _aSOCIALISTAS
651 4 _aArgentina
653 _aDVD
653 _aEJERCITO REVOLUCIONARIO DEL PUEBLO
653 _aPARTIDO REVOLUCIONARIO DE LOS TRABAJADORES
905 _a43577
942 _cDVD
999 _c7307
_d7307